| 000 | 00632nam a22002177a 4500 | ||
|---|---|---|---|
| 999 |
_c13745 _d13745 |
||
| 003 | AR-CdUCM | ||
| 008 | 190313b ||||| |||| 00| 0 spa d | ||
| 040 |
_aMUNICIPALIDAD PROVINCIAL DEL CUSCO _cBIBLIOTECA MUNICIPAL DEL CUSCO |
||
| 082 |
_aES / 373.895 / _bL92 _22ed. |
||
| 100 |
_aLu, Sin _91532 |
||
| 245 | _aAntiguos relatos vueltos a contar / | ||
| 260 |
_aPekin : _bLenguas Extranjeras, _c1972. |
||
| 300 |
_a163 páginas ; _c18 cm. |
||
| 505 | _aCuentos. | ||
| 650 |
_aCuentos. _9217 |
||
| 650 |
_aHistoria _9136 |
||
| 650 |
_aLiteratura _983 |
||
| 650 |
_aChina _9843 |
||
| 942 |
_2ddc _cLIBROS |
||
| 945 |
_apjha _d2019-04-15 |
||